Sâu bệnh hại lúa quan trọng tại các tỉnh Đồng bằng sông Cửu Long
Gardado en:
| Autor Principal: | |
|---|---|
| Formato: | Libro |
| Idioma: | Undetermined |
| Publicado: |
Đồng Tháp
Tổng hợp
1993
|
| Những chủ đề: | |
| Các nhãn: |
Engadir etiqueta
Sen Etiquetas, Sexa o primeiro en etiquetar este rexistro!
|
| Thư viện lưu trữ: | Trung tâm Học liệu Trường Đại học Cần Thơ |
|---|
| LEADER | 00600nam a2200181Ia 4500 | ||
|---|---|---|---|
| 001 | CTU_28194 | ||
| 008 | 210402s9999 xx 000 0 und d | ||
| 082 | |a 633.189 | ||
| 082 | |b K310 | ||
| 100 | |a Phạm Văn Kim | ||
| 245 | 0 | |a Sâu bệnh hại lúa quan trọng tại các tỉnh Đồng bằng sông Cửu Long | |
| 245 | 0 | |c Phạm Văn Kim, Lê Thị Sen | |
| 260 | |a Đồng Tháp | ||
| 260 | |b Tổng hợp | ||
| 260 | |c 1993 | ||
| 650 | |a rice - diseases and pests - mekong delta | ||
| 904 | |i Liên, 981019 | ||
| 980 | |a Trung tâm Học liệu Trường Đại học Cần Thơ | ||